Elementos de Contabilidad y Teneduría de Libros / (Record no. 50549)

MARC details
000 -LEADER
campo de control de longitud fija 00510nam a2200169 i 4500
001 - NÚMERO DE CONTROL
campo de control 50549
003 - IDENTIFICADOR DE NÚMERO DE CONTROL
campo de control ES-MaACL
005 - FECHA Y HORA DE LA ÚLTIMA TRANSACCIÓN
campo de control 20230906162211.0
007 - CAMPO FIJO DE DESCRIPCIÓN FÍSICA--INFORMACIÓN GENERAL
campo de control de longitud fija t|
008 - DATOS DE LONGITUD FIJA--INFORMACIÓN GENERAL
campo de control de longitud fija 030805s1956 sp ||||1| spa d
100 1# - ENTRADA PRINCIPAL--NOMBRE DE PERSONA
Nombre de persona Cuartero Martín, Joaquín.
9 (RLIN) 41917
245 10 - MENCIÓN DEL TÍTULO
Título Elementos de Contabilidad y Teneduría de Libros /
Mención de responsabilidad, etc. Joaquín Cuartero Martín.
250 ## - MENCION DE EDICION
Mención de edición 2ª ed.
260 ## - PUBLICACIÓN, DISTRIBUCIÓN, ETC.
Lugar de publicación, distribución, etc. Zaragoza :
Nombre del editor, distribuidor, etc. [s.n.,
Fecha de publicación, distribución, etc. 1956] (
Fabricante Imp. Octavio y Félez)
300 ## - DESCRIPCIÓN FÍSICA
Extensión 319 p. ;
Dimensiones 21 cm.
852 ## - LOCALIZACIÓN
Ubicación ES-MaACL
Número de control de estantería C-11777
Sublocalización o colección R.39836
Holdings
Estatus retirado Estado de pérdida Estado de daño No para préstamo Biblioteca de origen Biblioteca actual Ubicación en estantería Fecha de adquisición Fuente de adquisición Total de préstamos Signatura topográfica completa Código de barras Visto por última vez Precio de reemplazo Tipo de ítem Koha
        Biblioteca del Ateneo de Madrid Biblioteca del Ateneo de Madrid Sala Palomar 17/01/2008     C-11777 1053171 23/02/2023 23/02/2023 Libro impreso